00830nam a22001937a 450000700030000000800410000302000220004404000140006604100100008010000220009024501550011226000320026730000430029944000810034250000840042363000400050765000530054770000360060000160620b xxu||||| |||| 00| 0 eng d a978-2-7462-1697-6 aBUACcBUC aFre.  aChaouchi, Hakima  aLa sécurité dans les réseaux sans fil et mobiles 1 : bconcepts fondamentaux c/ ss. la dir. de Hakima Chaouchi, Maryline Laurent - Maknavicius  aParis : bLavoisier, c2007 a239-XII p. c24 cm. bcouv. en coul. ; a(Information - Commande - Communication, Série Réseaux et Télécoms)  aCompr. bibliogr. à la fin de chaque chapitre du vol. ; Index : pp. (227-233)  aSciences Appliquées - Techniques  aTélécommunication : réseau : sécurité  aLaurent - Maknavicius, Laurent